|
|
|
|
| LEADER |
00000nab a2200000uu 4500 |
| 001 |
vtls011456630 |
| 003 |
SK-MaSNL |
| 005 |
20260303154000.0 |
| 008 |
230222|1965 xo |||||||||||||||||slo| |
| 015 |
|
|
|a SNBRB
|
| 035 |
|
|
|a (urnnbn)urn:nbn:sk:snk:ar-a09rlj
|
| 035 |
|
|
|a (uuid)b2523ff9-8202-4ad0-99ce-c5ecc6ed1294
|
| 035 |
|
|
|a urn:nbn:sk:snk-abcrel
|
| 040 |
|
|
|a SNKBUCL
|b slo
|c SNKBUCL
|e AACR2
|
| 041 |
0 |
|
|a slo
|
| 044 |
|
|
|a xo
|c SK
|
| 100 |
1 |
|
|a Eisinger, František
|4 aut
|9 532025
|
| 245 |
1 |
0 |
|a Všeobecný postup statického riešenia zložitých staticky určitých sústav metódou výmeny parametrov
|c František Eisinger
|
| 773 |
0 |
|
|t Strojnícky časopis
|g Roč. 16, č. 4 (1965), s. 385-401
|
| 954 |
|
|
|a odborná, vedecká literatúra pôvodná (slovenská)
|2 lita
|
| 958 |
|
|
|a OND
|
| 958 |
|
|
|a EUIPO
|
| 958 |
|
|
|a article16
|
| 999 |
|
|
|c 2031113
|d 2033043
|